000 00768cam a22002174a 4500
005 20250806132606.0
008 250528s ||||||||||||||||||||||||d
035 _a21747
020 _a9780130355256
040 _aGR-AtMCL
_bgre
_dGR-AtMCL
_eAACR2
245 1 _aDIGITAL DESIGN
250 _a3
260 _bPrentice Hall,
_c2002
300 _a516
505 0 _aBINARY SYSTEMS BOOLEAN ANGEBRA AND LOGIC GATES GATE-LEVEL MINIMIZATION COMBINATIONAL LOGIC SYNCHRONOUS SEQUENTIAL LOGIC REGISTERS AND COUNTERS
520 _aBINARY SYSTEMS BOOLEAN ANGEBRA AND LOGIC GATES GATE-LEVEL MINIMIZATION COMBINATIONAL LOGIC SYNCHRONOUS SEQUENTIAL LOGIC REGISTERS AND COUNTERS
700 1 _aMano, Moshe Morris
_9852
942 _cBK
999 _c6806
_d6806